| 000 | 01465cad a22002055a 4500 | ||
|---|---|---|---|
| 001 | L142160 | ||
| 008 | 080125e20070511xxkad f v 000 0 eng d | ||
| 035 | _a(Sirsi) u142160 | ||
| 041 | 0 | _aeng | |
| 245 | 0 | 0 |
_aCastle House Investments Ltd v Bradford MDC _h[electronic resource] |
| 260 | _c2007 | ||
| 520 | _a[2007] EWLands ACQ_6_2006. The case concerned how much compensation was due following a compulsory purchase of commercial property for which, Chartered Surveyors gave expert valuation evidence. A council compulsorily purchased of a block of retail and office/storage units in connection with a proposed city centre regeneration project. The court had to decide: the effect of the proposals on rental values; whether prospects and delays in implementing the impending scheme had impacted negatively on growth; the appropriate rental value in light of this; the yield rate to be applied to capitalise the net rents received and receivable; loss of rental income; appropriate compensation for empty rates; pre-reference costs. Figures provided. | ||
| 590 | _aKA | ||
| 650 | 2 | 4 | _aCASTLE HOUSE INVESTMENTS LTD V BRADFORD MDC |
| 650 | 2 | 4 | _aLANDS TRIBUNAL ACT 1949 |
| 651 | 4 |
_aEngland and Wales _y1543- |
|
| 690 | _aENVIRONMENTAL AND LAND CONSULTANCY-PLANNING AND DEVELOPMENT-COMPULSORY PURCHASE AND COMPENSATION | ||
| 856 | 4 | 0 |
_uhttps://www.bailii.org/ew/cases/EWLands/2007/ACQ_6_2006.html _zView the judgment free of charge at www.bailii.org... |
| 942 | _n0 | ||
| 999 |
_c79737 _d79737 |
||